عرض عادي عرض مارك
  • Johnson, Mark,

مدخل إسم شخص

عدد التسجيلات المستخدمة في: 1

001 - رقم الضبط

  • حقل الضبط: 89010

003 - معرف رقم الضبط

  • حقل الضبط: OSt

005 - تاريخ ووقت أخر عملية

  • حقل الضبط: 20211229075353.0

008 - عناصر بيانات ثابتة الطول

  • حقل تحكم ثابت الطول: 211229|| aca||aabn | a|a d

040 ## - مصدر الفهرسة

  • هيئة الفهرسة الأصلية: OSt
  • وكالة الكتابة: OSt

100 ## - مدخل -- أسم شخص

  • إسم شخص: Johnson, Mark,
  • تواريخ مرتبطة بالاسم: 1949-

670 ## - بيانات المصدر موجوده

  • الاستشهاد بالمصدر: Work cat.: (OSt)0: Lakoff, George. 89007, Metaphors we live by /, 2003.